Reprezentacje piłkarskie z największą liczbą meczów w 2025 roku - Statystyki

Ogólne statystyki
  • Ten quiz został rozwiązany 27 razy
  • Średni wynik to 5 z 15
Statystyki odpowiedzi
Reprezentacja Konfederacja Rozegrane mecze % Poprawnych
Maroko CAF 26
68%
USA CONCACAF 18
68%
Senegal CAF 19
56%
Algieria CAF 23
48%
DR Konga CAF 18
44%
Nigeria CAF 18
44%
Tunezja CAF 18
36%
Arabia Saudyjska AFC 20
24%
Jamajka CONCACAF 17
24%
Gwatemala CONCACAF 17
16%
Burkina Faso CAF 17
12%
Sudan CAF 20
12%
Oman AFC 18
4%
Uganda CAF 18
4%
Trynidad i Tobago CONCACAF 17
0%
Nie znaleziono quizów pasujących do podanych kryteriów
Rozkład punktacji
Procent ludzi z każdym wynikiem
Percentyl według liczby udzielonych odpowiedzi
Twoja historia wyników
Nie rozwiązałeś tego quizu